Alle Masken von Masked Singer (Deutschland) - Statistiken

Allgemein
  • Dieses Quiz wurde 65 mal gespielt
  • Das Durchschnittsergebnis liegt bei 35 aus 95
Antwortstatistiken
Antwort % Korrekt
Monster
65%
Schmetterling
65%
Astronaut
63%
Katze
63%
Oktopus
59%
Faultier
57%
Frosch
57%
Grashüpfer
57%
Engel
54%
Hase
54%
Panther
54%
Wuschel
54%
Fledermaus
52%
Schwein
50%
Zebra
50%
Nilpferd
48%
Biene
46%
Drache
46%
Kudu
46%
Leopard
46%
Skelett
46%
Dalmatiner
43%
Dinosaurier
43%
Kiwi
43%
Krokodil
43%
Mülli Müller
43%
Roboter
43%
Chamäleon
41%
Göttin
41%
Alien
39%
Eichhörnchen
39%
Eisprinzessin
39%
Erdmännchen
39%
Floh
39%
Igel
39%
Maulwurf
39%
Stier
39%
Teddy
39%
Toast
39%
Einhorn
37%
Gorilla
37%
Kakerlake
37%
Rosty
37%
Schuhschnabel
37%
Flamingo
35%
Küken
35%
Monstronaut
35%
Mops
35%
Phönix
35%
Schildkröte
35%
Seepferdchen
35%
Stinktier
35%
Brokkoli
33%
Chili
33%
Känguru
33%
Koala
33%
Okapi
33%
Seestern
33%
Troll
33%
Walross
33%
Werwolf
33%
Anubis
30%
Flip Flops
30%
Hammerhai
30%
Ork
30%
Raupe
30%
Alpaka
28%
Brilli
28%
Discokugel
28%
Dornteufel
28%
Heldin
28%
Klaus Claus
28%
Mustang
28%
Pfeife
28%
Robodog
28%
Feuerlöscher
26%
Goldi
26%
Hummer
26%
Lulatsch
26%
Pilz
26%
Zahnfee
26%
Zuckerwatte
26%
Baby Löwe
24%
Black Mamba
24%
Couch potato
24%
Galax'Sis
24%
Quokka
24%
Waschbär
24%
Elgonia
22%
Frotteefant
22%
Möwe
22%
Mystica
22%
Axolotl
20%
Marsmaus
20%
Kadaku
7%
Keine übereinstimmenden Quizze gefunden
Verteilung der Resultate
Anzahl Personen mit jedem Resultat
Perzentil nach korrekt beantworteten Fragen
Ihre Resultats-Entwicklung
Sie haben dieses Quiz noch nicht gespielt